Normal view MARC view

Entry Personal Name

Number of records used in: 1

001 - CONTROL NUMBER

  • control field: 10570

003 - CONTROL NUMBER IDENTIFIER

  • control field: DLC

005 - DATE AND TIME OF LATEST TRANSACTION

  • control field: 20250530152244.0

008 - FIXED-LENGTH DATA ELEMENTS

  • fixed length control field: 860418n| azannaabn |b aaa c

010 ## - LIBRARY OF CONGRESS CONTROL NUMBER

  • LC control number: n 85310808

035 ## - SYSTEM CONTROL NUMBER

  • System control number: (OCoLC)oca01567247

040 ## - CATALOGING SOURCE

  • Original cataloging agency: InU
  • Language of cataloging: eng
  • Description conventions: rda
  • Transcribing agency: DLC
  • Modifying agency: DLC
  • Modifying agency: NmU
  • Modifying agency: OCoLC
  • Modifying agency: MX-SlUA
  • Modifying agency: DLC
  • Modifying agency: IEN

100 1# - HEADING--PERSONAL NAME

  • Personal name: Dixit, Avinash K.

372 ## - FIELD OF ACTIVITY

  • Field of activity: Economics
  • Source of term: lcsh

373 ## - ASSOCIATED GROUP

  • Associated group: Princeton University
  • Source of term: naf

374 ## - OCCUPATION

  • Occupation: Economics teachers
  • Source of term: lcsh

375 ## - GENDER

  • Gender: male

400 1# - SEE FROM TRACING--PERSONAL NAME

  • Personal name: Dixit, A. K.
  • Fuller form of name: (Avinash K.)

400 1# - SEE FROM TRACING--PERSONAL NAME

  • Personal name: Dixit, Avinash

400 1# - SEE FROM TRACING--PERSONAL NAME

  • Personal name: דיקסיט, אבינש ק.

670 ## - SOURCE DATA FOUND

  • Source citation: Targeted export promotion with several oligopolistic industries, 1984:
  • Information found: t.p. (Avinash K. Dixit)

670 ## - SOURCE DATA FOUND

  • Source citation: Tax policy in open economies, 1983:
  • Information found: t.p. (Avinash Dixit)

670 ## - SOURCE DATA FOUND

  • Source citation: LC data base, 3-18-86
  • Information found: (hdg.: Dixit, Avinash K.; usage: A.K. Dixit)

670 ## - SOURCE DATA FOUND

  • Source citation: Investment under uncertainty, 1993:
  • Information found: CIP t.p. (Avinash K. Dixit) data sheet (b. 06-08-44)

670 ## - SOURCE DATA FOUND

  • Source citation: OCLC #24680957, 9/6/00
  • Information found: (hdg.: Dixit, Avinash Kamalakar; usage not available; author's Ph. D. thesis, M.I.T., Dept. of Econ., 1968)

670 ## - SOURCE DATA FOUND

  • Source citation: Pensar estratégicamente un arma en los negocios, la política y la vida diaria, 2011:
  • Information found: title page (Avinash K. Dixit) page 9 (Avinash Dixit) cover (profesor de Economía en Princeton University)

Powered by Koha